Statistiche per Riconosci lo Stato - Quiz n°192

Clicka qui per fare il quiz!

Statistiche generali

  • Questo quiz è stato fatto 6 volte
  • Il punteggio medio è 10 su 13

Statistiche sulle risposte

IndizioRisposta% Corretto
Popolazione165 397 ab.
100%
Iniziale della CapitaleS
100%
Superficie1 001 km²
83%
Presidente della RepubblicaCarlos Vila Nova
83%
Indipendenzadal Portogallo
12 luglio 1975
83%
ValutaDobra
83%
Primo ministroPatrice Trovoada
83%
Fuso OrarioUTC+1
83%
ISU0,509
67%
Tasso di crescita1,996%
67%
PIL (nominale)263 milioni di $
67%
Forma di GovernoRepubblica semipresidenziale
67%
RispostaSão Tomé e Príncipe
67%

Distribuzione punteggi

Percentile per numero di risposta

Percentuale di utenti per punteggio

I tuoi punteggi nel tempo

Non hai fatto questo quiz